000 00561nam a2200193Ia 4500
003 LDD
008 181029s9999 xx 000 0 und d
020 _a1851681868
_c295.00
040 _cLDD
100 _aKlostermaier, Kalus K.
245 0 _aBudhism
_ba short Introduction
_cKalus K. Klostermaier
260 _aEngland
_bOne world Publcations
_c2006
300 _ax, 246p.
365 _b295.00
901 _a3843
_b14-02-2007
902 _a7422
_b27-02-2007
_cF
_dVIVA
_e31
903 _aDiscount-10
_bReqst by : Kapur, Tribhuwan (Dr.)
942 _2ddc
_cBK
999 _c78712
_d78712